000 00847aam a2200301 i 4500
001 768714001
003 CO-MdFUSB
005 20250430122304.0
007 ta
008 250430t1989 -us |||| |||| 00| 0 eng d
020 _a1-85049-069-4
040 _cCO-MdFUSB
041 0 _aeng
082 0 4 _223
_a239
_bW7211o
100 1 _aWilliams, Bryan A.
_eautor
245 1 0 _aOne Bible, one message? :
_bCommon mistakes about the Bible
_c/ Bryan A. Williams
264 1 _bEvangelical Press of Wales,
_a[Lugar de publicación no identificada]
_c[1989]
264 4 _c©1989
300 _a57 páginas
336 _atexto
_btxt
_2rdacontent
337 _2rdamedia
_asin mediación
_bn
338 _2rdacarrier
_avolumen
_bnc
563 _aRústico
650 7 _aApologética
_9187
942 _cBK
945 _aJTF-925
999 _c35311
_d35311